00710nam a2200229 a 450000100060000000300080000600500170001400800410003103500190007204000350009104100080012608200250013424500800015925000130023926000400025230000240029250400410031665000220035765000150037965000520039470000340044653370BD-RjUL20211209075941.0161005s1973 at b 001 0 eng  a(BD-RjUL)53490 dBD-RjULbengaBD-RjULcBD-RjUL aeng00223a658.84bINT 197310aInternational marketing strategy /cedited by Hans Thorelli, Helmut Becker. aRev. ed. aNew York :bPergamon Press,cc1980. axxi,380p. ;c24 cm. aIncludes bibliographies and indexes. 0aExport marketing. 0aMarketing. 0aInternational business enterprisesxManagement.1 aThorelli, Hans Birger,d1937-